LEADER 02362nam0 22004813i 450 001 SBL0377337 005 20251003044353.0 020 $aIT$b715198 100 $a19910930d1970 ||||0itac50 ba 101 | $aita 102 $ait 181 1$6z01$ai $bxxxe 182 1$6z01$an 183 1$6z01$anc$2RDAcarrier 200 1 $aˆLa ‰teoria dell'impresa$fThorstein Veblen$gintroduzione di Luigi Del Grosso Destreri 210 $aMilano$cAngeli$d1970 215 $a297 p.$d22 cm 225 | $aˆI ‰classici della società industriale$v4 300 $aTrad. di Maria Marini 410 0$1001RAV0030304$12001 $aˆI ‰classici della società industriale$v4 500 10$aˆThe ‰theory of business enterprise$3MIL0161222$9RAVV021080$934367 606 $aImprese$2FIR$3CFIC024168$9E 676 $a306.3$9ISTITUZIONI ECONOMICHE$v21 676 $a658$9GESTIONE IN GENERALE$v21 676 $a658.1$9GESTIONE IN GENERALE. ORGANIZZAZIONE E FINANZA$v12 676 $a658.1$9GESTIONE IN GENERALE. ORGANIZZAZIONE E FINANZA$v19 676 $a658.1$9ORGANIZZAZIONE E FINANZA AZIENDALE$v20 676 $a658.1$9Gestione generale. Organizzazione e finanza$v23 686 $aX09.1$cTEORIA ECONOMICA$2R 700 1$aVeblen$b, Thorstein$3RAVV021080$4070$051082 702 1$aDel Grosso Destreri$b, Luigi$3CFIV076018 702 1$aMarini$b, Maria$3RAVV025916 790 1$aVeblen$b, Thorstein B.$3SBNV012782$zVeblen, Thorstein 801 3$aIT$bIT-000000$c19910930 850 $aIT-BN0095 $aIT-NA0243 901 $bNAP 01$cPOZZO LIB.$nVi sono collocati fondi di economia, periodici di ingegneria e scienze, periodici di economia e statistica e altri fondi comprendenti documenti di economia pervenuti in dono. 901 $bNAP 67$cSALA F $nComprende monografie di vario argomento 912 $aSBL0377337 950 0$aBiblioteca Centralizzata di Ateneo$c1 v.$d 01POZZO LIB.F. SANTI 58$e 0101 0060029105E VMA 1 v. (Precedente collocazione S 186)$fB $h20221104$i20221104 950 0$aCentro Librario e Bibliotecario per la Diffusione della cultura$c1 v.$d 67SALA F SOC 63$e 67 0000355045 VMA 1 v.$fA $h20200716$i20200716 977 $a 01$a 67 996 $aTheory of business enterprise$934367 997 $aUNISANNIO